Making management decisions
Kaydedildi:
| Yazar: | |
|---|---|
| Materyal Türü: | Kitap |
| Dil: | Undetermined |
| Baskı/Yayın Bilgisi: |
Englewood Cliffs
Prentice/Hall International Inc.
1984
|
| Konular: | |
| Etiketler: |
Etiketle
Etiket eklenmemiş, İlk siz ekleyin!
|
| Thư viện lưu trữ: | Trung tâm Học liệu Trường Đại học Cần Thơ |
|---|
| LEADER | 00498nam a2200181Ia 4500 | ||
|---|---|---|---|
| 001 | CTU_85285 | ||
| 008 | 210402s9999 xx 000 0 und d | ||
| 082 | |a 658.4 | ||
| 082 | |b C772 | ||
| 100 | |a Cooke, Steve | ||
| 245 | 0 | |a Making management decisions | |
| 245 | 0 | |c Steve Cooke, Nigel Slack | |
| 260 | |a Englewood Cliffs | ||
| 260 | |b Prentice/Hall International Inc. | ||
| 260 | |c 1984 | ||
| 650 | |a Problem solving | ||
| 904 | |i Năm | ||
| 980 | |a Trung tâm Học liệu Trường Đại học Cần Thơ | ||